On social psychology
Saved in:
| Hovedforfatter: | |
|---|---|
| Format: | Bog |
| Sprog: | engelsk |
| Udgivet: |
Chicago
The University of Chicago
1934
|
| Serier: | The Heritage of Sociology
|
| Fag: | |
| Tags: |
Tilføj Tag
Ingen Tags, Vær først til at tagge denne postø!
|
MARC
| LEADER | 00000nam a2200000 a 4500 | ||
|---|---|---|---|
| 001 | UCZ5416 | ||
| 003 | CL-VaPUC | ||
| 008 | 951117e19340000US |||||||||||||||||eng|d | ||
| 082 | 0 | 4 | |a 302 |b MEA |2 21 |
| 100 | |a Mead, George Herbert |e autor |9 337564 | ||
| 245 | 1 | 0 | |a On social psychology |
| 300 | |a 358 p | ||
| 942 | |c BK | ||
| 945 | |d 19951117 00:00:00 |a lriquelm | ||
| 260 | |a Chicago |b The University of Chicago |c 1934 | ||
| 600 | 0 | |a Comte, Auguste |9 334591 | |
| 650 | 0 | |a Psicología social |9 222894 | |
| 650 | 0 | |a Sociología |9 255410 | |
| 650 | 0 | |a Comportamiento social |9 334200 | |
| 650 | 0 | |a Estado |9 255503 | |
| 650 | 0 | |a Procesos sociales |9 337802 | |
| 650 | 0 | |a Sistemas sociales |9 308361 | |
| 583 | |a last modification |c 19951117 00:00:00 |k Rodrigo Vera | ||
| 490 | 0 | |a The Heritage of Sociology | |
| 999 | |c 241734 |d 241732 | ||
| 952 | |0 0 |1 0 |4 0 |6 302_000000000000000_MEA_1934 |7 0 |8 P |9 254176 |a BIBEDU |b BIBEDU |c BIBEDU_PB |d 2019-11-19 |i 1575562 |o 302 MEA 1934 |p 1575562 |r 2024-01-25 |w 2019-11-19 |y BK |k FIL | ||